| 000 | 00482nam a2200169Ia 4500 | ||
|---|---|---|---|
| 999 |
_c19980 _d19980 |
||
| 003 | OSt | ||
| 005 | 20201027100219.0 | ||
| 008 | 190216s9999||||xx |||||||||||||| ||und|| | ||
| 040 | _coclc | ||
| 082 |
_a954.0258092 _bLAL/A |
||
| 100 |
_aLal, Muni _96098 |
||
| 245 | 0 |
_aAurangzeb / _cMuni Lal |
|
| 260 |
_bVikas Publishing House, _c1988. _aNew Delhi: |
||
| 300 | _a403p | ||
| 650 | _aIndian History | ||
| 942 |
_cBK _2ddc _h954.0258092 _iLAL/A _k954.0258092 _mLAL/A |
||